| 000 | 00808nam a2200193Ii 4500 | ||
|---|---|---|---|
| 003 | JO-AjNU | ||
| 008 | 230605s9999||||xx |||||||||||||| ||und|| | ||
| 040 |
_aJO-AjNU _bara _erda _cJO-AjNU |
||
| 041 | _aara | ||
| 050 | 1 | 4 | _aKZ6311 2013 |
| 100 | 3 |
_aالمهدي، محمد امين، م.مشارك شريف علقم، م.مشارك دوللي حمد, _eauthor _957865 |
|
| 245 | 0 | 0 | _aالجرائم التي تختص بها المحكمة الجنائية الدولية |
| 264 | 3 | 1 | _aجنيف : اللجنة الدولية للصليب الأحمر، 2013 |
| 300 | _a570ص | ||
| 336 |
_atext _btxt _2rdacontent |
||
| 337 |
_aunmediated _bn _2rdamedia |
||
| 338 |
_avolume _bnc _2rdacarrier |
||
| 650 | 4 |
_aالجرائم - المحكمة الجنائية الدولية - القانون الدولي _957866 |
|
| 999 |
_aA25956 _c29524 _d29524 |
||